Movies Quiz

Random Movies or Clickable Quiz

Film Fan Theories Quiz Stats

 Plays Quiz Updated May 3, 2018

Also try: TV Fan Theories II
Challenge
Share
Tweet
Embed
Score 0/20 Timer 08:00
3 Plays Today
% Correct
Star Wars
96.6%
Back to the Future
95.4%
Toy Story 2
93.7%
Willy Wonka & the Chocolate Factory
92.8%
Titanic
90.8%
The Dark Knight Rises
87.7%
Signs
81.7%
Ferris Bueller's Day Off
80.9%
Forrest Gump
80.8%
Aladdin
79.5%
% Correct
Skyfall
79.3%
The Princess Bride
77.5%
Groundhog Day
77.2%
The Emperor's New Groove
77.1%
Pulp Fiction
75.6%
Scream
74.7%
Hot Tub Time Machine
71%
The Shining
70.2%
Radio Flyer
66.5%
Taxi Driver
64.6%

You're not logged in!

Compare scores with friends on all Sporcle quizzes.
OR
Log In

You Might Also Like...

Show Comments

Extras

Top Quizzes Today


Score Distribution

Your Account Isn't Verified!

In order to create a playlist on Sporcle, you need to verify the email address you used during registration. Go to your Sporcle Settings to finish the process.

Report this User

Report this user for behavior that violates our Community Guidelines.

Details: